00243nam a2200085 4500082002000000100003900020245007900059260000900138300001000147 aB142x5444 K147f aKarnataka. Fiscal policy Institute aFacilitating gender audit: a guide for Auditors, Trainers and Researchers  a2019 a206p.